000 00713nam a2200289Ia 4500
005 20260324123340.0
008 008 260324s9999 xx 000 0 eng d
020 _a9781315759661
037 _aEBOOK
040 _aCRL
040 _beng
040 _cCRL
041 _2eng
041 _aeng
084 _qCRL
100 _aFederico Zanettin
_91169969
245 0 _aTranslation-Driven Corpora
245 0 _bCorpus Resources for Descriptive and Applied Translation Studies
260 _bTaylor and Francis
260 _c2012
365 _a
365 _b230
856 _uhttp://www.taylorfrancis.com/books/9781315759661
942 _cEBOOK
999 _c1763414
_d1763414